000 00554nam a2200217Ia 4500
003 OSt
005 20220928142319.0
006 a|||||r|||| 00| 0
007 ta
008 220927b |||||||| |||| 00| 0 eng d
024 _a19034
037 _cTextual
040 _aSDCL
_cSDCL
_beng
041 _2eng
_aeng
082 _aP150j5, M5
100 _aTrevedi Bhawani Sankar
_9503162
245 0 _aSanskrit and European language.
260 _c1985
942 _hP150j5, M5
_cTEXL
_2CC
999 _c821237
_d821237